[Event "63rd ch-RUS w 2013"]
[Site "Nizhny Novgorod RUS"]
[Date "2013.10.11"]
[Round "6.4"]
[White "Kosintseva,T"]
[Black "Goryachkina,A"]
[Result "1/2-1/2"]
[WhiteElo "2515"]
[BlackElo "2436"]

1.e4 c5 2.Nf3 Nc6 3.Bb5 d6 4.O-O Bd7 5.Re1 Nf6 6.h3 Ne5 7.Bf1 Nxf3+ 8.Qxf3 e5
9.Nc3 Be7 10.Bc4 O-O 11.d3 Be6 12.a4 Nd7 13.a5 Nb8 14.Nd5 Nc6 15.Bd2 Rb8
16.Qd1 Bg5 17.Ne3 Bxe3 18.Rxe3 d5 19.exd5 Bxd5 20.Bxd5 Qxd5 21.Bc3 f6 22.Re1 Nd8
23.Ra4 Ne6 24.Rae4 Qd7 25.Bd2 Rbe8 26.Rc4 b5 27.axb6 axb6 28.Rce4 Nd4 29.b3 Nc6
30.Bc3 Ne7 31.Qh5 Nd5 32.Bd2 Qf7 33.Qxf7+ Kxf7 34.Ra4 Ra8 35.Rea1 Rxa4 36.Rxa4 Re8
37.Ra6 Re6 38.Kf1 Rc6 39.Ke2 Ke6 40.c4 Ne7 41.Ra7 h5 42.g4 hxg4 43.hxg4 g5
44.Rb7 Nc8 45.Be3 Kd6 46.Rf7 Ke6 47.Rh7 Ne7 48.Kd2 Rc8 49.Kc3 Nc6 50.Rb7 Rb8
51.Rxb8 Nxb8 52.b4 Kd6 53.bxc5+  1/2-1/2

[Event "TCh-Belgrade Premier liga 2013"]
[Site "Belgrade SRB"]
[Date "2013.10.12"]
[Round "1.1"]
[White "Vujacic,Bo"]
[Black "Mihajlovic,Mio"]
[Result "1-0"]
[WhiteElo "2294"]
[BlackElo "2192"]

1.e4 c5 2.Nf3 Nc6 3.Bb5 Na5 4.c3 a6 5.Ba4 e6 6.d4 cxd4 7.cxd4 b5 8.Bc2 Bb7
9.O-O Be7 10.Nc3 b4 11.Ne2 Nf6 12.Ng3 h5 13.Bg5 d5 14.Ba4+ Kf8 15.e5 Ne4
16.Bxe7+ Qxe7 17.h4 Nc4 18.Qe2 Rd8 19.Rac1 f5 20.Nxe4 dxe4 21.Ng5 Nb6 22.Bc6 Rh6
23.f3 e3 24.Qxe3 Bxc6 25.Rxc6 Nd5 26.Qc1 Qa7 27.Rd1 Ke7 28.Qc5+ Qxc5 29.dxc5 a5
30.Ra6  1-0

[Event "7th Univ Cent Open 2013"]
[Site "Bogota COL"]
[Date "2013.10.12"]
[Round "5.21"]
[White "Moyano,C"]
[Black "Pina Vega,S"]
[Result "0-1"]
[WhiteElo "2072"]
[BlackElo "2298"]

1.e4 c5 2.Nf3 Nc6 3.Bb5 d6 4.O-O Bd7 5.c3 Nf6 6.Re1 a6 7.Bf1 e5 8.h3 Be7
9.d4 cxd4 10.cxd4 O-O 11.d5 Na7 12.a4 Ne8 13.Qb3 b5 14.a5 Kh8 15.Be3 f5 16.exf5 Bxf5
17.Nbd2 Qd7 18.Bg5 Nc8 19.Bd3 Nc7 20.Be4 Bxg5 21.Nxg5 Ne7 22.Rad1 h6 23.Ngf3 Ng6
24.Bxf5 Rxf5 25.Ne4 Rf4 26.Ng3 Rxf3 27.gxf3 Qxh3 28.Re4 Nh4  0-1

[Event "TCh-ISL Div1 2013-14"]
[Site "Reykjavik ISL"]
[Date "2013.10.12"]
[Round "4.1"]
[White "Aabling Thomsen,J"]
[Black "Hreinsson,H"]
[Result "1-0"]
[WhiteElo "2375"]
[BlackElo "2238"]

1.e4 c5 2.Nf3 Nc6 3.Bb5 Nd4 4.Nxd4 cxd4 5.O-O g6 6.c3 Bg7 7.cxd4 Bxd4 8.Nc3 a6
9.Bc4 e6 10.d3 Ne7 11.Bh6 Nc6 12.Qd2 d6 13.Ne2 Bf6 14.d4 Qa5 15.Qf4 Ke7 16.Qe3 Qb6
17.e5  1-0

[Event "7th Univ Cent Open 2013"]
[Site "Bogota COL"]
[Date "2013.10.13"]
[Round "7.15"]
[White "Herrera,Jua"]
[Black "Rios,Cr"]
[Result "1/2-1/2"]
[WhiteElo "2206"]
[BlackElo "2417"]

1.e4 c5 2.Nf3 Nc6 3.Bb5 Qb6 4.Nc3 e6 5.Bxc6 Qxc6 6.d4 cxd4 7.Nxd4 Qc7 8.O-O a6
9.a4 Nf6 10.Be3 Bb4 11.Nde2 b6 12.Bf4 Qc6 13.Qd3 Bb7 14.f3 d5 15.e5 Nd7 16.Kh1 Qc7
17.Qe3 Rc8 18.Bg3 h5 19.h3 Qc5 20.Qf4 Nf8 21.Bf2 Qe7 22.Bxb6 Ng6 23.Qg3 h4
24.Qh2 Qg5 25.f4 Qh5 26.Nd4 Bxc3 27.bxc3 Ne7 28.Rab1 Nf5 29.Nxf5 Qxf5 30.Bd4 Bc6
31.a5 Ba4 32.Rb7 Kf8 33.Rfb1 g6 34.Rb8 Kg7 35.Rxc8 Rxc8 36.Rb2 Qe4 37.Qg1 Qxf4
38.Qe1 Rh8 39.Be3 Qf5 40.Rb4 Bxc2 41.Rxh4 Be4 42.Rxh8 Kxh8 43.Qg3 Qf1+ 44.Kh2 Qe2
45.Qh4+ Kg8 46.Qd8+ Kh7 47.Qh4+  1/2-1/2

[Event "7th Univ Cent Open 2013"]
[Site "Bogota COL"]
[Date "2013.10.13"]
[Round "7.1"]
[White "Ortiz Suarez,I"]
[Black "Escobar Forero,A"]
[Result "1/2-1/2"]
[WhiteElo "2601"]
[BlackElo "2455"]

1.e4 c5 2.Nf3 Nc6 3.Bb5 e6 4.O-O Nge7 5.Re1 a6 6.Bf1 d5 7.exd5 Nxd5 8.d4 Be7
9.c4 Nf6 10.Be3 O-O 11.Nc3 cxd4 12.Nxd4 Nxd4 13.Bxd4 Bd7 14.Qb3 Bc6 15.Rad1 Qc7
16.Bb6 Qf4 17.Ne2 Qh4 18.Nd4 Be4 19.f3 Bg6 20.g3 Qh5 21.Bg2 Nd7 22.Nf5 Qxf5
23.Rxd7 Bc5+ 24.Kh1 Bxb6 25.Qxb6 Qc2 26.Qb3 Qf2 27.Rf1 Qe2 28.Rxb7 Rad8 29.Rg1 h5
30.c5  1/2-1/2

[Event "12th Istanbul Open A 2013"]
[Site "Istanbul TUR"]
[Date "2013.10.14"]
[Round "4.4"]
[White "Annaberdiev,M"]
[Black "Parginos,V"]
[Result "1-0"]
[WhiteElo "2431"]
[BlackElo "2129"]

1.e4 c5 2.Nf3 Nc6 3.Bb5 e6 4.O-O Nge7 5.c3 Ng6 6.d4 d5 7.exd5 exd5 8.Re1+ Be7
9.dxc5 O-O 10.Be3 Bg4 11.h3 Be6 12.Nbd2 Qc7 13.Nb3 Nf4 14.Bf1 Kh8 15.Qd2 g5
16.Nfd4 Nd8 17.Nb5 Qb8 18.Bd4+ f6 19.g3 a6 20.Nd6 Bxd6 21.cxd6 Nxh3+ 22.Kh2 Qc8
23.Bxh3 Bxh3 24.Qxg5 Qf5 25.Qh6  1-0

[Event "SPICE Cup Open 2013"]
[Site "St Louis USA"]
[Date "2013.10.16"]
[Round "2.10"]
[White "Neimer,V"]
[Black "Bykhovsky,An ISR"]
[Result "1-0"]
[WhiteElo "2378"]
[BlackElo "2521"]

1.e4 c5 2.Nf3 Nc6 3.Bb5 d6 4.O-O Bd7 5.c3 Nf6 6.Re1 a6 7.Bf1 Bg4 8.h3 Bh5
9.g4 Bg6 10.d4 e5 11.d5 Nb8 12.Nbd2 Be7 13.Nh4 O-O 14.Bg2 Bxe4 15.g5 Bxg2
16.gxf6 Bxd5 17.fxe7 Qxe7 18.Ng2 Bc6 19.Ne4 d5 20.Ng3 f6 21.Qg4 Kh8 22.Nh4 Qf7
23.Kh2 Nd7 24.Rg1 g6 25.Bh6 Rg8 26.b3 Nf8 27.Bxf8 Rgxf8 28.Ng2 Rad8 29.Rad1 Rfe8
30.Qh4 a5 31.Rge1 Rd7 32.Qh6 a4 33.h4 axb3 34.axb3 d4 35.c4 b5 36.cxb5 Bxb5
37.Ne4 Bc6 38.Nxc5 Qd5 39.Nf4 Qxc5 40.Rc1 Qd6 41.Nxg6+ Kg8 42.Rxc6 Qxc6 43.Rg1 hxg6
44.Rxg6+ Kf7  1-0

[Event "TCh-AUT 2nd West 2013-14"]
[Site "Austria AUT"]
[Date "2013.10.18"]
[Round "1.3"]
[White "Roth,Pe"]
[Black "Palac,M"]
[Result "0-1"]
[WhiteElo "2174"]
[BlackElo "2572"]

1.e4 c5 2.Nf3 Nc6 3.Bb5 g6 4.O-O Bg7 5.Re1 e5 6.Bxc6 dxc6 7.b3 Nh6 8.Bb2 Qc7
9.Na3 O-O 10.Nc4 f6 11.a4 Nf7 12.c3 f5 13.d3 f4 14.b4 cxb4 15.cxb4 Bg4 16.h3 Bh5
17.Ncd2 Rfd8 18.Qb3 Kh8 19.Nh2 g5 20.f3 Rd7 21.Ndf1 Rad8 22.Red1 Qb6+ 23.Kh1 c5
24.b5 Nh6 25.Qc2 Qc7 26.Ng4 Nxg4 27.hxg4 Bf7 28.g3 Rd6 29.gxf4 gxf4 30.Rd2 Kg8
31.Ra3 c4 32.dxc4 Qxc4 33.Qxc4 Bxc4 34.Rf2 Rd1 35.Ra1 Rxa1  0-1

[Event "17th Unive Open 2013"]
[Site "Hoogeveen NED"]
[Date "2013.10.18"]
[Round "1.13"]
[White "Hendriks,W"]
[Black "Potze,R"]
[Result "1-0"]
[WhiteElo "2407"]
[BlackElo "2112"]

1.e4 c5 2.Nf3 Nc6 3.Bb5 e6 4.O-O d6 5.c3 Bd7 6.Re1 Be7 7.d4 a6 8.Bf1 e5 9.dxc5 dxc5
10.a4 Nf6 11.Nbd2 O-O 12.Nc4 Qc7 13.Nfxe5 Nxe5 14.Bf4 Bg4 15.Bxe5 Qc6 16.f3 Be6
17.a5 Rad8 18.Qc2 Nh5 19.Qa4 Qxa4 20.Rxa4 Bg5 21.g3 Rd7 22.Raa1 Bd8 23.Red1 Nf6
24.Rxd7 Nxd7 25.Bd6 Re8 26.g4 g6 27.Bg3 Bxc4 28.Bxc4 Ne5 29.Bxe5 Rxe5 30.Rd1 Bxa5
31.Rd7 b5 32.Bxf7+ Kf8 33.Bd5 b4 34.cxb4 Bxb4 35.Rxh7 a5 36.b3 Bd2 37.h4 g5
38.hxg5 Rxg5 39.Kf2 Rg6 40.Ke2 Bc3 41.Rf7+  1-0

[Event "12th Istanbul Open A 2013"]
[Site "Istanbul TUR"]
[Date "2013.10.18"]
[Round "9.16"]
[White "Eren,Ataberk"]
[Black "Parginos,V"]
[Result "1-0"]
[WhiteElo "1756"]
[BlackElo "2129"]

1.e4 c5 2.Nf3 Nc6 3.Bb5 e6 4.O-O Nge7 5.c3 a6 6.Ba4 d5 7.exd5 Nxd5 8.d4 Bd6
9.c4 Nb6 10.Bxc6+ bxc6 11.dxc5 Bxc5 12.Qxd8+ Kxd8 13.Ne5 Ke8 14.Nd2 Bb7 15.Ne4 Be7
16.Be3 Na4 17.c5 Rd8 18.Nc4 Kf8 19.b3 f5 20.Ned6 f4 21.Nxb7  1-0

[Event "SPICE Cup Open 2013"]
[Site "St Louis USA"]
[Date "2013.10.18"]
[Round "6.14"]
[White "Neimer,V"]
[Black "Li,Ruifeng"]
[Result "1/2-1/2"]
[WhiteElo "2378"]
[BlackElo "2246"]

1.e4 c5 2.Nf3 Nc6 3.Bb5 e6 4.O-O Nge7 5.Re1 a6 6.Bf1 d5 7.exd5 Nxd5 8.d4 Nf6
9.Be3 Be7 10.dxc5 Qxd1 11.Rxd1 Ng4 12.Bf4 Bxc5 13.Bg3 O-O 14.Nc3 f5 15.h3 f4
16.Bh4 Nf6 17.Bc4 b5 18.Bb3 Na5 19.Ne5 Ra7 20.Rd3 Nxb3 21.axb3 Rc7 22.Rad1 Be7
23.R1d2 Bb7 24.Nd7 Rf7 25.Ne5 Rf8 26.Nd7 Rf7 27.Ne5  1/2-1/2

[Event "Oscaro Open 2013"]
[Site "Bastia FRA"]
[Date "2013.10.19"]
[Round "3.5"]
[White "Fedorchuk,S"]
[Black "Cebalo,M"]
[Result "1-0"]
[WhiteElo "2656"]
[BlackElo "2415"]

1.e4 c5 2.Nf3 Nc6 3.Bb5 d6 4.O-O Bd7 5.Re1 Nf6 6.c3 a6 7.Bf1 Bg4 8.h3 Bxf3
9.Qxf3 g6 10.d3 Bg7 11.Qd1 Nd7 12.Nd2 b5 13.Nf3 O-O 14.Be3 b4 15.Qa4 Qb6
16.d4 Rfc8 17.Rac1 bxc3 18.bxc3 Qa5 19.Qc2 Nb6 20.dxc5 dxc5 21.Nd2 Nd7 22.Red1 Qc7
23.Nc4 Nce5 24.Qa4 Nb6 25.Nxb6 Qxb6 26.f4 Nc6 27.e5 e6 28.Rb1 Qc7 29.g3 Bf8
30.Bg2 Ra7 31.Qxc6 Qxc6 32.Bxc6 Rxc6 33.Rb8 Kg7 34.f5 exf5 35.Rdd8 Re7 36.Rxf8 Rxe5
37.Rfe8 Rxe8 38.Rxe8 Kf6 39.Kf2 g5 40.a4 h6 41.a5 c4 42.Bd4+ Kg6 43.Rb8 f4
44.gxf4 gxf4 45.Kf3 Kf5 46.Rb7 Rg6 47.Rxf7+ Ke6 48.Rxf4  1-0

[Event "Oscaro Open 2013"]
[Site "Bastia FRA"]
[Date "2013.10.19"]
[Round "5.4"]
[White "Fedorchuk,S"]
[Black "Dourerassou,J"]
[Result "1-0"]
[WhiteElo "2656"]
[BlackElo "2484"]

1.e4 c5 2.Nf3 Nc6 3.Bb5 Nf6 4.e5 Nd5 5.Nc3 Nc7 6.Bxc6 dxc6 7.h3 g6 8.d3 Bg7
9.Qe2 Ne6 10.O-O Nd4 11.Nxd4 cxd4 12.Ne4 Bxe5 13.Bh6 e6 14.f4 Bf6 15.f5 gxf5
16.Rxf5 Be7 17.Rxf7 Qd5 18.Rxe7+ Kxe7 19.Bg5+ Qxg5 20.Nxg5 Bd7 21.Re1 Rae8
22.Qe5  1-0

[Event "Oscaro Open 2013"]
[Site "Bastia FRA"]
[Date "2013.10.19"]
[Round "5.9"]
[White "Svetushkin,D"]
[Black "Bressac,S"]
[Result "1-0"]
[WhiteElo "2593"]
[BlackElo "2233"]

1.e4 c5 2.Nf3 Nc6 3.Bb5 Nf6 4.Bxc6 dxc6 5.d3 g6 6.h3 Bg7 7.Nc3 O-O 8.Be3 b6
9.Qd2 Re8 10.O-O e5 11.Nh2 Be6 12.f4 exf4 13.Rxf4 Qd7 14.Raf1 Nh5 15.R4f3 Bd4
16.Bxd4 Qxd4+ 17.Kh1 Ng7 18.R3f2 f5 19.Nf3 Qd7 20.Ng5 Rad8 21.Rf3 c4 22.exf5 Nxf5
23.Nce4 Qd4 24.g4 Bd5 25.gxf5 Bxe4 26.Nxe4 Qxe4 27.fxg6 hxg6 28.Qh6 cxd3
29.Kg1 d2 30.Rf6 Qe3+ 31.Qxe3 Rxe3 32.Kf2 Rxh3 33.Rd1 Kg7 34.Rxc6 Rd7 35.Re6 g5
36.a4 Rh6 37.Re5 Rf6+ 38.Kg3 Kg6 39.a5 Rc6 40.c3 Kf6 41.Rb5 Rdd6 42.Kf3 Rc5
43.Rb4 Rf5+ 44.Ke2 Re5+ 45.Kf2 Kf5 46.Rd4 Rxd4  1-0

[Event "17th Unive Open 2013"]
[Site "Hoogeveen NED"]
[Date "2013.10.19"]
[Round "2.31"]
[White "Brookes,C"]
[Black "Lecomte,Robin"]
[Result "1-0"]
[WhiteElo "2136"]
[BlackElo "2040"]

1.e4 c5 2.Nf3 Nc6 3.Bb5 e6 4.O-O Nge7 5.b3 Nd4 6.Nxd4 cxd4 7.Ba3 g6 8.f4 Bg7
9.e5 f6 10.Qe2 O-O 11.Re1 fxe5 12.fxe5 Rf5 13.Bd6 Nd5 14.Bd3 Nf4 15.Qg4 Nxd3
16.cxd3 b6 17.Qxd4 Bb7 18.Nc3 Qg5 19.Ne4 Rxe5 20.Bxe5 Qxe5 21.Qxe5 Bxe5 22.Rac1 Ba6
23.Kh1 Re8 24.Nc5 bxc5 25.Rxe5 d6 26.Re3 e5 27.Rf3 Kg7 28.b4 Rc8 29.bxc5 dxc5
30.Rc3 Bb5 31.Kg1 a6 32.Kf2 Rd8 33.Rxc5 Bxd3 34.Rxe5 Bb1 35.Re7+ Kg8 36.Ke3 Bxa2
37.d4 Bc4 38.Rh3 Bf7 39.Ra7 Rd6 40.Kd3 Rb6 41.Rf3 Bd5 42.Re3 Rb3+ 43.Kd2 Rb2+
44.Kc1 Rb8 45.Ree7 Bxg2 46.Rxh7 Rb4 47.Rhd7  1-0

[Event "Oscaro Open 2013"]
[Site "Bastia FRA"]
[Date "2013.10.20"]
[Round "7.7"]
[White "Maze,S"]
[Black "Cebalo,M"]
[Result "1-0"]
[WhiteElo "2550"]
[BlackElo "2415"]

1.e4 c5 2.Nf3 Nc6 3.Bb5 d6 4.O-O Bd7 5.Re1 Nf6 6.c3 a6 7.Bf1 b5 8.d4 e5 9.a4 Rb8
10.axb5 axb5 11.Na3 b4 12.Nc4 Qc7 13.dxe5 dxe5 14.Bg5 Be7 15.Bxf6 gxf6 16.Ne3 Be6
17.Bc4 Bxc4 18.Nxc4 Rd8 19.Qe2 Bd6 20.Ne3 Ne7 21.Nh4 bxc3 22.bxc3 c4 23.Nhf5 Nxf5
24.Nxf5 Bc5 25.Red1 Be7 26.Rxd8+ Bxd8 27.g3 Qc6 28.Ra7 Qb6 29.Ra8 Qb1+ 30.Kg2 Qd3
31.Qg4 h5 32.Qf3 Qxf3+ 33.Kxf3 O-O 34.Ra4 Bb6 35.Ne7+ Kg7 36.Nd5 Rb8 37.Rb4 Ba7
38.Rxb8 Bxb8 39.Ne3 Kg6 40.Nxc4 f5 41.Ne3 f4 42.Nf5 fxg3 43.fxg3 Ba7 44.h3 Bc5
45.g4 hxg4+ 46.Kxg4 f6 47.h4 Bf2 48.h5+ Kf7 49.Kf3 Bc5 50.Ke2  1-0

[Event "Oscaro Open 2013"]
[Site "Bastia FRA"]
[Date "2013.10.20"]
[Round "8.9"]
[White "Edouard,R"]
[Black "Cebalo,M"]
[Result "1-0"]
[WhiteElo "2657"]
[BlackElo "2415"]

1.e4 c5 2.Nf3 Nc6 3.Bb5 d6 4.O-O Bd7 5.Re1 Nf6 6.h3 a6 7.Bf1 e5 8.c3 Be7
9.d4 Qc7 10.d5 Nd8 11.a4 Rb8 12.a5 O-O 13.Nbd2 Ne8 14.Nc4 f5 15.exf5 Bxf5
16.Bd3 Bxd3 17.Qxd3 Nf7 18.Nb6 Nf6 19.Ng5 Nxg5 20.Bxg5 Nh5 21.Bd2 Rbe8 22.Qe2 g6
23.Ra4 Bd8 24.Rg4 Rf5 25.Bh6 Nf6 26.Rc4 Rh5 27.Bd2 Qf7 28.g4 Rxh3 29.Kg2 Bxb6
30.Kxh3 Bxa5 31.Ra4 Bd8 32.c4 Qd7 33.Ra3 h5 34.Kg2 Qxg4+ 35.Qxg4 Nxg4 36.Rb3 b6
37.Ra3 a5 38.Rg3 Kg7 39.Rh1 e4 40.Bc3+ Bf6 41.Bxf6+ Kxf6 42.Rb3 Ne5 43.Rxb6 Nxc4
44.Ra6 Rb8 45.Rc1 Rb4 46.b3 Nd2 47.Rxd6+ Ke5 48.Rxg6 Kxd5 49.Rg5+ Kd4 50.Rcxc5 Nxb3
51.Rgd5+  1-0

[Event "Oscaro Open 2013"]
[Site "Bastia FRA"]
[Date "2013.10.20"]
[Round "8.5"]
[White "Balogh,C"]
[Black "Dourerassou,J"]
[Result "1-0"]
[WhiteElo "2632"]
[BlackElo "2484"]

1.e4 c5 2.Nf3 Nc6 3.Bb5 Nf6 4.Bxc6 dxc6 5.d3 Bg4 6.h3 Bh5 7.Nbd2 Nd7 8.Nc4 Qc7
9.a4 f6 10.O-O e5 11.Ne3 Bd6 12.Nf5 O-O 13.Be3 b6 14.Qe2 Rf7 15.Ng3 Bg6 16.Nh4 Nf8
17.Qg4 Qd7 18.Ngf5 Kh8 19.f4 exf4 20.Bxf4 Bxf4 21.Rxf4 Ne6 22.Rf2 Bxf5 23.Nxf5 Nd4
24.Ne3 Qxg4 25.Nxg4 Re7 26.Ne3 Rd8 27.b3 Kg8 28.g4 Re5 29.Kg2 h5 30.Nf5 Kf7
31.Raf1 hxg4 32.hxg4 Ne6 33.Rh1 Ng5 34.Ne3 Ne6 35.Rf5 Rxf5 36.gxf5 Nd4 37.Kf2 Ra8
38.Ke1 Nf3+ 39.Ke2 Ne5 40.Kd2 Rd8 41.Kc3 Nf3 42.a5 b5 43.b4 cxb4+ 44.Kxb4 Ke7
45.Kc5 Kd7 46.Rh7 Rg8 47.Ng4 Ke7 48.Kxc6 Nd4+ 49.Kc5 Nxc2 50.Kxb5 Rb8+ 51.Kc4 Rc8+
52.Kb3 Nd4+ 53.Kb4 Nc2+ 54.Ka4 Kf7 55.Nh6+ Ke7 56.Rxg7+ Kd6 57.Rxa7 Rc3 58.Nf7+ Kc6
59.Nd8+ Kd6 60.Ra6+ Ke5 61.Nc6+ Kf4 62.e5 Kxf5 63.exf6 Kxf6 64.Nb4+ Ke5 65.Nxc2 Rxc2
66.Rh6 Rb2 67.Rh4 Kd5 68.Rb4 Rd2 69.Kb5 Rxd3 70.a6 Rh3 71.a7 Rh8 72.Ka6 Kc5
73.Rb5+ Kc4 74.Rb8 Rh6+ 75.Ka5 Rh1 76.Rc8+ Kb3 77.a8=Q  1-0

[Event "TCh-Belgrade Premier liga 2013"]
[Site "Belgrade SRB"]
[Date "2013.10.20"]
[Round "9.1"]
[White "Nedeljkovic,Dr"]
[Black "Govedarica,R"]
[Result "0-1"]
[WhiteElo "2152"]
[BlackElo "2419"]

1.e4 c5 2.Nf3 Nc6 3.Bb5 d6 4.O-O a6 5.Bxc6+ bxc6 6.h3 e5 7.c3 f5 8.Qa4 Qc7
9.exf5 Bxf5 10.d4 e4 11.Re1 Be7 12.Ng5 d5 13.Bf4 Qd7 14.f3 h6 15.Nxe4 dxe4
16.fxe4 Be6 17.Nd2 cxd4 18.cxd4 Nf6 19.Nf3 c5 20.Qxd7+ Bxd7 21.d5 O-O 22.Bh2 Bd8
23.Rad1 Ba5 24.Re3 c4 25.Kh1 Ba4 26.b3 cxb3 27.axb3 Bb6 28.Ree1 Bxb3 29.Rb1 Ba5
30.Rxb3 Bxe1 31.Nxe1 Nxe4 32.Nf3 a5 33.Re3 Nf6 34.d6 a4 35.Ra3 Rfb8 36.Nd4 Rb1+
37.Bg1 Rb7 38.g4 Rb2 39.Bh2 Rd2 40.Nf3 Rd1+ 41.Kg2 Ne4 42.Re3 Nxd6 43.Re7 Nf7
44.Ne5 Re1 45.Kf2 Rxe5 46.Bxe5 Nxe5 47.Rxe5 a3 48.Re1 a2 49.Ra1 Ra3 50.h4 Kf7
51.Ke2 Ke6  0-1

[Event "TCh-CZE Zapad 2013-14"]
[Site "Czech Rep CZE"]
[Date "2013.10.20"]
[Round "1.1"]
[White "Jirovsky,M"]
[Black "Studnicka,Toma"]
[Result "1-0"]
[WhiteElo "2480"]
[BlackElo "2358"]

1.Nf3 c5 2.e4 Nc6 3.Bb5 g6 4.Bxc6 dxc6 5.d3 Bg7 6.h3 Nf6 7.Nc3 Nd7 8.Be3 e5
9.O-O Qe7 10.Qd2 Nf8 11.Bh6 Bf6 12.Ne2 Be6 13.a4 Rg8 14.Ng5 Bxg5 15.Bxg5 f6
16.Be3 g5 17.Ng3 Ng6 18.Qc3 c4 19.Nf5 Qd7 20.g4 Nf4 21.Bxf4 gxf4 22.dxc4 Bxf5
23.Rad1 Qe6 24.exf5 Qxf5 25.Kh2 Qe6 26.c5 Rd8 27.Rxd8+ Kxd8 28.Rd1+ Kc8 29.Rd6 Qf7
30.Qd3 Qg6 31.Qxg6 Rxg6 32.f3 Kc7 33.h4 e4 34.h5 Rg5 35.Rxf6 e3 36.Kg2 Rxc5
37.Rxf4 Rxc2+ 38.Kg3 Kd6 39.Re4 Rxb2 40.Rxe3 b5 41.axb5 cxb5 42.Ra3 b4 43.Rxa7 b3
44.Rxh7 Kc6 45.Re7 Rb1 46.Re2 b2 47.Kf4  1-0

[Event "TCh-CZE Vychod 2013-14"]
[Site "Czech Rep CZE"]
[Date "2013.10.20"]
[Round "1.2"]
[White "Lanc,A"]
[Black "Kanovsky,D"]
[Result "0-1"]
[WhiteElo "2355"]
[BlackElo "2404"]

1.e4 c5 2.Nf3 Nc6 3.Bb5 Qc7 4.O-O Nf6 5.Re1 e5 6.c3 a6 7.Ba4 b5 8.Bc2 Be7
9.d4 d6 10.d5 Nd8 11.a4 Rb8 12.axb5 axb5 13.h3 O-O 14.b4 Nb7 15.Nbd2 Bd7
16.Bb2 Ra8 17.Bd3 g6 18.Qe2 c4 19.Bc2 Nh5 20.Kh2 Qb6 21.g3 Ng7 22.Nf1 Rfc8
23.Qe3 Bd8 24.Kg2 Qxe3 25.Nxe3 f5 26.Nd2 Bb6 27.Nef1 Nd8 28.Rxa8 Rxa8 29.Ra1 Rxa1
30.Bxa1 Nf7 31.f3 Nh5 32.Bb2 Nf6 33.Bc1 Kg7 34.Nb1 h5 35.Nh2 Nh7 36.Na3 Nfg5
37.h4 Nf7 38.Nf1 Nf6 39.Be3 Bxe3 40.Nxe3 f4 41.Nd1 g5 42.hxg5 Nxg5 43.Nf2 fxg3
44.Kxg3 h4+ 45.Kxh4 Nxf3+ 46.Kg3 Ne1 47.Bd1 Nd3 48.Bf3 Nc1 49.Nd1 Kg6 50.Ne3 Kg5
51.Nb1 Nb3 52.Nf1 Be8 53.Na3 Nc1 54.Ne3 Bd7 55.Nexc4 bxc4 56.Nxc4 Ne8 57.Nb6 Bb5
58.c4 Ba6 59.c5 Nd3 60.cxd6 Nxd6 61.Nd7 Bb5 62.Nc5 Nxb4 63.Kf2 Nd3+ 64.Ke3 Nxc5  0-1

[Event "3rd Central Asia Cup"]
[Site "Dushanbe TJK"]
[Date "2013.10.20"]
[Round "9.4"]
[White "Egin,V"]
[Black "Kotsur,P"]
[Result "0-1"]
[WhiteElo "2403"]
[BlackElo "2559"]

1.e4 c5 2.Nf3 Nc6 3.Bb5 e6 4.O-O Nge7 5.Re1 Nd4 6.Bf1 Nec6 7.c3 Nxf3+ 8.Qxf3 g6
9.Na3 Bg7 10.d3 O-O 11.Nc4 d5 12.exd5 exd5 13.Nd2 Be6 14.Nb3 b6 15.Bf4 Qd7
16.h3 a5 17.a4 d4 18.c4 Nb4 19.Re2 Bf5 20.Nc1 Rae8 21.b3 Rxe2 22.Qxe2 Re8
23.Qf3 h5 24.Na2 Nxa2 25.Rxa2 Re1 26.Rb2 Ra1 27.Qe2 Qe6 28.Qd2 g5 29.Bxg5 Qg6
30.Rc2 Rxf1+  0-1

[Event "1st La Dame Noire Masters"]
[Site "Montigny-le-Bretonneux FRA"]
[Date "2013.10.20"]
[Round "2.2"]
[White "Todorov,Todor"]
[Black "Dionisi,T"]
[Result "1-0"]
[WhiteElo "2480"]
[BlackElo "2323"]

1.e4 c5 2.Nf3 Nc6 3.Bb5 f5 4.exf5 Nh6 5.d4 Nxf5 6.dxc5 e6 7.Bd3 g6 8.Ng5 Bxc5
9.Bxf5 exf5 10.O-O Be7 11.Re1 O-O 12.Qd5+ Kg7 13.h4 Bf6 14.Nc3 Nd4 15.Bf4 Nxc2
16.Nb5 Nxe1 17.Rxe1 d6 18.Rc1 Bxg5 19.Bxg5 Qe8 20.Nc7 Qe5 21.Qxe5+ dxe5 22.Nxa8 Be6
23.Nc7 Bxa2 24.Nb5 a6 25.Rc7+ Rf7 26.Rxf7+ Bxf7 27.Nd6 Bd5 28.g3 Bc6 29.Kf1 b5
30.Ke2 h6 31.Bd8 f4 32.Kd3 Bd5 33.b4 fxg3 34.fxg3 Bc6 35.Ne4 Kf7 36.Nc5 Bg2
37.Ke3 Bc6 38.g4 h5 39.g5 Bg2 40.Bf6  1-0

[Event "TCh-Belgrade Premier liga 2013"]
[Site "Belgrade SRB"]
[Date "2013.10.21"]
[Round "10.6"]
[White "Dobrijevic,M"]
[Black "Nenezic,M"]
[Result "0-1"]
[WhiteElo "2230"]
[BlackElo "2407"]

1.e4 c5 2.Nf3 Nc6 3.Bb5 g6 4.Bxc6 dxc6 5.O-O Bg7 6.d3 Nf6 7.Nc3 Bg4 8.h3 Bxf3
9.Qxf3 O-O 10.Bg5 e5 11.Qe3 Qd4 12.Bxf6 Bxf6 13.Qxd4 cxd4 14.Ne2 Be7 15.f4 f6
16.g4 c5 17.fxe5 fxe5 18.Rxf8+ Rxf8 19.Kg2 Bg5 20.Ng1 c4 21.dxc4 Rc8 22.b3 b5
23.Rf1 bxc4 24.Nf3 cxb3 25.cxb3 Rc2+ 26.Kh1 Bf4 27.a4 d3 28.b4 d2 29.b5 Ra2
30.Rd1 Rxa4 31.Nxd2 Rd4 32.Ra1 Rxd2 33.Rxa7 Rh2+ 34.Kg1 Be3+  0-1

[Event "17th Unive Open 2013"]
[Site "Hoogeveen NED"]
[Date "2013.10.22"]
[Round "5.16"]
[White "Pancevski,F"]
[Black "Lee,Ka"]
[Result "1-0"]
[WhiteElo "2493"]
[BlackElo "2164"]

1.e4 c5 2.Nf3 Nc6 3.Bb5 g6 4.Bxc6 bxc6 5.O-O Bg7 6.c3 Nf6 7.Re1 O-O 8.h3 Qc7
9.e5 Nd5 10.d3 d6 11.c4 Nb6 12.Bf4 d5 13.Qe2 Rd8 14.Nc3 Bf5 15.b3 h6 16.Bh2 Be6
17.Rac1 a5 18.cxd5 cxd5 19.Nb5 Qb7 20.Rxc5 Nd7 21.d4 Nxc5 22.dxc5 Rdc8 23.Rc1 Bd7
24.a4 Bxb5 25.axb5 Rab8 26.Nd4 e6 27.Rc3 Bf8 28.Qc2 Qa7 29.b6 Qe7 30.Bf4 Kh7
31.Be3 Rxc5 32.Nc6 Rxc3 33.Qxc3 Rc8 34.Nxe7 Rxc3 35.b4 Rb3 36.Bc5 Bxe7 37.Bxe7 d4
38.Kf1 d3 39.Ke1 a4 40.b7 a3 41.b8=Q a2 42.Qa7 Rb1+ 43.Kd2 a1=Q 44.Qxa1 Rxa1
45.Kxd3 g5 46.b5 Rb1 47.Kc4 Kg6 48.g4 Rc1+ 49.Kb4 Rc2 50.b6 Rb2+ 51.Ka5 f6
52.Bb4 Ra2+ 53.Kb5 Ra8 54.b7 Rb8 55.Kc6 fxe5 56.Kc7 Rxb7+ 57.Kxb7 h5 58.Be7 hxg4
59.hxg4  1-0

[Event "17th Corsican Circuit Final"]
[Site "Ajaccio FRA"]
[Date "2013.10.23"]
[Round "4.1"]
[White "Almasi,Z"]
[Black "Saric,Iv"]
[Result "1/2-1/2"]
[WhiteElo "2707"]
[BlackElo "2628"]

1.e4 c5 2.Nf3 Nc6 3.Bb5 g6 4.Bxc6 dxc6 5.d3 Bg7 6.h3 b6 7.Nc3 e5 8.Be3 Ne7
9.Qd2 h6 10.O-O f5 11.exf5 gxf5 12.Rfe1 f4 13.Bxf4 exf4 14.Qxf4 Rf8 15.Qh4 Kf7
16.Qc4+ Kg6 17.Qe4+ Kf7 18.Qc4+ Kg6 19.Qe4+ Kf7 20.Qc4+ Kg6  1/2-1/2

[Event "17th Unive Open 2013"]
[Site "Hoogeveen NED"]
[Date "2013.10.25"]
[Round "8.14"]
[White "Rooze,J"]
[Black "Dijkhuis,Tycho"]
[Result "1-0"]
[WhiteElo "2355"]
[BlackElo "2219"]

1.e4 c5 2.Nf3 Nc6 3.Bb5 e6 4.Bxc6 bxc6 5.d3 Ne7 6.Nc3 d5 7.O-O Ng6 8.b3 Be7
9.Re1 O-O 10.Ba3 f5 11.e5 Ba6 12.Na4 c4 13.Bxe7 Qxe7 14.dxc4 dxc4 15.Qd6 Qxd6
16.exd6 cxb3 17.axb3 Rfd8 18.Nc5 Bc8 19.Red1 Bd7 20.Nd2 Ne5 21.f4 Ng6 22.Nc4 Nxf4
23.Ne5 Be8 24.d7 Bxd7 25.Rxd7 Rxd7 26.Ncxd7 Ne2+ 27.Kf1 Nd4 28.Ra2 a5 29.Nc5 Rb8
30.Rxa5 Nxc2 31.Nxc6 Rb6 32.Nxe6 Rxb3 33.Ne5  1-0

[Event "14th Liberec Open"]
[Site "Liberec CZE"]
[Date "2013.10.27"]
[Round "2.28"]
[White "Oglaza,Oskar"]
[Black "Chmelik,Ladislav"]
[Result "1-0"]
[WhiteElo "1566"]
[BlackElo "1793"]

1.e4 c5 2.Nf3 Nc6 3.Bb5 a6 4.Bxc6 dxc6 5.O-O Bg4 6.h3 Bh5 7.d3 e6 8.Be3 Bd6
9.Nbd2 b5 10.a4 Nf6 11.g4 Nxg4 12.hxg4 Bxg4 13.Kg2 Qf6 14.Rh1 Qxb2 15.axb5 cxb5
16.Rb1 Qf6 17.Qe1 h5 18.e5 Qg6 19.Kf1 Be7 20.Nh4 Bxh4 21.Rxh4 Qf5 22.Ne4 Qxe5
23.Bxc5 Qc7 24.Qc3 O-O-O 25.Qa3 Qc6 26.Be7 Rd4 27.Rb3 Kd7 28.Rc3 Qd5 29.Bf8 b4
30.Bxb4 Rxe4 31.dxe4 Qd1+ 32.Kg2 Be2 33.Rh1 Qd4 34.Re3 Bb5 35.c3 Qf6 36.Rd1+ Ke8
37.Ba5 Qg6+ 38.Kh2 Bd7 39.Qd6  1-0

[Event "14th Liberec Open"]
[Site "Liberec CZE"]
[Date "2013.10.28"]
[Round "3.6"]
[White "Kovar,V"]
[Black "Liska,Ji2"]
[Result "0-1"]
[WhiteElo "2312"]
[BlackElo "1865"]

1.e4 c5 2.Nf3 Nc6 3.Bb5 Nd4 4.Nxd4 cxd4 5.c3 Qb6 6.Bc4 g6 7.cxd4 Qxd4 8.d3 Bg7
9.Nc3 Nf6 10.Be3 Qd6 11.f4 Qb4 12.a3 Qxb2 13.Na4 Qxg2 14.Rg1 Qh3 15.Bf2 O-O
16.Rb1 d5 17.exd5 Ng4 18.Bc5 b6 19.Bxe7 Qe3+  0-1

[Event "Chinese Zonal w 2013"]
[Site "Zhongshan CHN"]
[Date "2013.10.30"]
[Round "2.5"]
[White "Zhai Mo"]
[Black "Xu Huahua"]
[Result "1-0"]
[WhiteElo "2301"]
[BlackElo "2125"]

1.e4 c5 2.Nf3 Nc6 3.Bb5 e6 4.Bxc6 bxc6 5.d3 Ne7 6.O-O Ng6 7.Ng5 Be7 8.Qh5 Bxg5
9.Bxg5 f6 10.Be3 d6 11.f4 f5 12.Nd2 O-O 13.e5 dxe5 14.Bxc5 Nxf4 15.Qf3 Rf6
16.Nc4 Qd5 17.Qxd5 exd5 18.Nxe5 Ng6 19.Rae1 Nxe5 20.Rxe5 Be6 21.Rf4 Kf7 22.Rb4 Kg8
23.Kf2 h5 24.Rb7 Rf7 25.Be7 Bc8 26.Rc7 h4 27.Kf3 f4 28.h3 a5 29.Rxc6 d4 30.Rb6 Ra6
31.Rb8 Rc6 32.Rc5 Rxc5 33.Bxc5 Rc7 34.Bxd4 Kf7 35.c3 Bb7+ 36.Kf2 Ba6 37.Be5 Re7
38.d4 g5 39.Ra8 Re6 40.b3 a4 41.Ra7+ Kg6 42.d5 axb3 43.axb3 Rb6 44.Bd4 Rd6
45.Bc5 Rxd5 46.Rxa6+ Kf5 47.Bd4  1-0